Harry Potter-Charaktere - Sudden Death - Statistiken

Allgemein
  • Dieses Quiz wurde 21.012 mal gespielt
  • Das Durchschnittsergebnis liegt bei 11 aus 16
Answers on the Grid
Answers color-coded by a green-red scale on the quiz's grid according to % correct below.
Aragog
Sirius Black
Alecto Carrow
Mat Cauthon
Annabeth Chase
Vincent Crabbe
Fleur Delacour
Roland Deschain
Dobby
Albus Dumbledore
Fawkes
Seamus Finnigan
Dorothy Gale
Gandalf
Fenrir Greyback
Roran Hammerfaust
Hexenmeister von Angmar
Kankra
Rita Kimmkorn
Eustachius Knilch
Viktor Krum
Gilderoy Lockhart
Alastor Moody
Peter Pevensie
Lee Scoresby
Gwendolyn Shepherd
Severus Snape
Arya Stark
Lord Voldemort
Ygramul
 
Antwortstatistiken
Antwort % Korrekt
Pate Harrys Sirius Black
95%
Hauself, der von Harry befreit wurde Dobby
89%
Schulleiter von Hogwarts Albus Dumbledore
88%
Schülerin aus Beauxbatons, Ehefrau von Bill Weasley, nahm am Trimagischen Turnier teil Fleur Delacour
77%
Dunkler Magier und Hauptantagonist der Reihe Lord Voldemort
76%
Todesser, Professor für Zaubertränke bzw. später Verteidigung gegen die dunklen Künste, kurzzeitig Schulleiter von Hogwarts Severus Snape
73%
Gryffindor-Schüler aus Harrys Jahrgang Seamus Finnigan
72%
Schüler aus Durmstrang und Quidditch-Nationalspieler von Bulgarien, nahm am Trimagischen Turnier teil Viktor Krum
68%
Riesenspinne von Hagrid Aragog
67%
Auror und ehemaliger Professor für Verteidigung gegen die dunklen Künste Alastor Moody
63%
Betrügerischer Autor und ehemaliger Professor für Verteidigung gegen die dunklen Künste Gilderoy Lockhart
63%
Freund von Draco Malfoy Vincent Crabbe
59%
Reißerisch schreibende Journalistin des Tagespropheten und der Hexenwoche Rita Kimmkorn
54%
Phönix von Dumbledore Fawkes
50%
Todesser und Werwolf Fenrir Greyback
48%
Todesserin und Schwester von Amycus Carrow Alecto Carrow
32%
Keine übereinstimmenden Quizze gefunden
Verteilung der Resultate
Anzahl Personen mit jedem Resultat
Perzentil nach korrekt beantworteten Fragen
Ihre Resultats-Entwicklung
Sie haben dieses Quiz noch nicht gespielt